Teória, prax a vzdelávanie v účtovníctve a audítorstve vo svetle medzinárodných noriem zborník z medzinárodnej vedeckej konferencie : Račkova dolina, 4.-6. septembra 2007

Na minha lista:
Detalhes bibliográficos
Autor principal: Hora, Michal
Corporate Authors: Teória, prax a vzdelávanie v účtovníctve a audítorstve vo svetle medzinárodných noriem. Medzinárodná vedecká konferencia, Ekonomická univerzita v Bratislave, Vysoká škola ekonomická v Praze
Outros Autores: Vašeková, Miroslava, 1978-
Formato: Livro
Idioma:eslovaco
tcheco
Publicado em: Bratislava Vydavateľstvo EKONÓM 2007
Assuntos:
Tags: Adicionar Tag
Sem tags, seja o primeiro a adicionar uma tag!

MARC

LEADER 00000nam$a2200000$$$4500
001 0064033
005 20240502071740.2
020 |a 978-80-225-2341-7 
041 0 |a slo 
041 0 |a cze 
044 |a SK 
245 1 0 |a Teória, prax a vzdelávanie v účtovníctve a audítorstve vo svetle medzinárodných noriem  |b zborník z medzinárodnej vedeckej konferencie : Račkova dolina, 4.-6. septembra 2007  |c Michal Hora a Miroslava Vašeková za kolektív autorov 
264 1 |a Bratislava  |b Vydavateľstvo EKONÓM  |c 2007 
300 |a 246 s. 
610 2 0 |a účtovníctvo 
610 2 0 |a audítorstvo 
610 2 0 |a štandardy účtovné medzinárodné 
610 2 0 |a normy medzinárodné 
610 2 0 |a účtovníctvo finančné 
610 2 0 |a závierka účtovná 
610 2 0 |a sústava daňová 
610 2 0 |a výkony podnikové 
100 1 |a Hora, Michal 
700 1 |a Vašeková, Miroslava, 1978- 
110 2 |a Teória, prax a vzdelávanie v účtovníctve a audítorstve vo svetle medzinárodných noriem. Medzinárodná vedecká konferencia 
710 2 |a Ekonomická univerzita v Bratislave 
710 2 |a Vysoká škola ekonomická v Praze